Introduction to turbo Prolog / (Record no. 32122)

000 -LEADER
fixed length control field 00464 a2200181 4500
003 - CONTROL NUMBER IDENTIFIER
control field OSt
005 - DATE AND TIME OF LATEST TRANSACTION
control field 20260319114702.0
008 - FIXED-LENGTH DATA ELEMENTS--GENERAL INFORMATION
fixed length control field 260319b ||||| |||| 00| 0 eng d
020 ## - INTERNATIONAL STANDARD BOOK NUMBER
International Standard Book Number 0-89588-359-7
040 ## - CATALOGING SOURCE
Transcribing agency .
082 ## - DEWEY DECIMAL CLASSIFICATION NUMBER
Classification number 005.133
Item number T747
100 ## - MAIN ENTRY--PERSONAL NAME
9 (RLIN) 6713
Personal name Townsend, Carl
245 ## - TITLE STATEMENT
Title Introduction to turbo Prolog /
Statement of responsibility, etc. Carl Townsend
260 ## - PUBLICATION, DISTRIBUTION, ETC.
Name of publisher, distributor, etc. Sybex,
Place of publication, distribution, etc. Berkeley :
Date of publication, distribution, etc. 1987.
300 ## - PHYSICAL DESCRIPTION
Extent 315 p.
650 #0 - SUBJECT ADDED ENTRY--TOPICAL TERM
9 (RLIN) 3103
Topical term or geographic name entry element Programming languages
942 ## - ADDED ENTRY ELEMENTS (KOHA)
Source of classification or shelving scheme
Koha item type Books
Holdings
Withdrawn status Lost status Source of classification or shelving scheme Damaged status Not for loan Collection code Permanent Location Current Location Shelving location Date acquired Source of acquisition Cost, normal purchase price Full call number Barcode Date last seen Cost, replacement price Price effective from Koha item type
          Non-fiction IMU Kolkata IMU Kolkata Reference 2026-03-25 30 9931.74 005.133 T747 15044 2026-03-25 14188.20 2026-03-25 Books
          Non-fiction IMU Kolkata IMU Kolkata   2026-03-25 30 9931.74 005.133 T747 15045 2026-03-25 14188.20 2026-03-25 Books
          Non-fiction IMU Kolkata IMU Kolkata   2026-03-25 30 9931.74 005.133 T747 15046 2026-03-25 14188.20 2026-03-25 Books
          Non-fiction IMU Kolkata IMU Kolkata   2026-03-25 30 9931.74 005.133 T747 15047 2026-03-25 14188.20 2026-03-25 Books
          Non-fiction IMU Kolkata IMU Kolkata   2026-03-25 30 9931.74 005.133 T747 15048 2026-03-25 14188.20 2026-03-25 Books
          Non-fiction IMU Kolkata IMU Kolkata   2026-03-25 30 9931.74 005.133 T747 15049 2026-03-25 14188.20 2026-03-25 Books
          Non-fiction IMU Kolkata IMU Kolkata   2026-03-25 30 9931.74 005.133 T747 15050 2026-03-25 14188.20 2026-03-25 Books
          Non-fiction IMU Kolkata IMU Kolkata   2026-03-25 30 9931.74 005.133 T747 15051 2026-03-25 14188.20 2026-03-25 Books
          Non-fiction IMU Kolkata IMU Kolkata   2026-03-25 30 9931.74 005.133 T747 15052 2026-03-25 14188.20 2026-03-25 Books
          Non-fiction IMU Kolkata IMU Kolkata   2026-03-25 30 9931.74 005.133 T747 15053 2026-03-25 14188.20 2026-03-25 Books
Designed and Maintained by IMU-KC Library, Kolkata Campus © Copyright All Rights Reserved

webs counters

Powered by Koha